000 00813nam a2200241Ia 4500
003 GCL
008 140319s9999 xx 000 0 ara d
040 _aGCL /
_cGCL
082 0 4 _a189.1
_bع د
100 1 _aعبداللطيف محمد العبد
245 1 0 _aدراسات فى الفلسفة الاسلامية /
_cعبداللطيف محمد العبد
260 _aالقاهرة :
_bمكتبة النهضة المصرية ،
_c1978
300 _a318 ؛
_c24 سم
650 0 4 _aالفلسفة الاسلامية
650 0 4 _aالفلسفة
650 0 4 _aالخوارج
650 0 4 _aالسنة النبوية
650 0 4 _aالفلسفة المنهجية
650 0 4 _aابوبكر الرازى
650 0 4 _aاخوان الصفا
650 0 4 _aابو بكر الصديق
942 _2ddc
_cBK
999 _c29100
_d29100